Timber Construction Manual /

Das Nachschlagewerk zur Konstruktion mit Holz und Holzwerkstoffen mit einem ausführlichen Kapitel zum Thema Ökologie, bauphysikalischen Grundlagen mit den Schwerpunkten Wärme-, Schall- und Brandschutz. Im Bereich der Tragwerksplanung spielen die neuen Verbindungsmittel eine wichtige Rolle.

Guardado en:
Detalles Bibliográficos
Autor principal: Herzog, Thomas
Otros Autores: Natterer, Julius, Schweitzer, Roland, Volz, Michael, Winter, Wolfgang
Formato: eBook
Lenguaje:inglés
Publicado: Basel : Birkhäuser, 2012
©2004
Materias:
Etiquetas: Agregar Etiqueta
Sin Etiquetas, Sea el primero en etiquetar este registro!

MARC

LEADER 00000nam a22000005i 4500
001 0022745
003 SK-STU
005 20240513153153.8
006 m|||||||||||||||||
007 cr || ||||||||
008 160324s2012||||gw |||||ob||||||| 0|eng|d
020 |a 9783034614634 
024 7 |a 10.11129/detail.9783034614634  |2 doi 
040 |a DE-B1597  |b eng  |c DE-B1597 
041 0 |a eng 
100 1 |a Herzog, Thomas 
245 1 0 |a Timber Construction Manual /  |c Thomas Herzog, Julius Natterer, Roland Schweitzer, Michael Volz, Wolfgang Winter 
260 |a Basel :  |b Birkhäuser,  |c 2012 
260 |c ©2004 
300 |a 1 online resource 
520 |a Das Nachschlagewerk zur Konstruktion mit Holz und Holzwerkstoffen mit einem ausführlichen Kapitel zum Thema Ökologie, bauphysikalischen Grundlagen mit den Schwerpunkten Wärme-, Schall- und Brandschutz. Im Bereich der Tragwerksplanung spielen die neuen Verbindungsmittel eine wichtige Rolle. 
541 |a Projekt č. 16-613-03703 - Fond na podporu umenia 
650 0 |a Building, Wooden 
650 0 |a Wood 
650 4 |a Building in Wood 
650 4 |a Building Materials 
700 1 |a Natterer, Julius 
700 1 |a Schweitzer, Roland 
700 1 |a Volz, Michael 
700 1 |a Winter, Wolfgang 
996 |c A* 10214/E  |l AAKNST  |s P  |a 0  |w 0022745_0001